Statistics for Rat Pack Members

Click here to take the quiz!

General Stats

  • This quiz has been taken 3,666 times
  • The average score is 3 of 5

Answer Stats

Answer% Correct
Frank Sinatra
98%
Sammy Davis Jr.
87%
Dean Martin
86%
Peter Lawford
40%
Joey Bishop
39%

Score Distribution

Percentile by Number Answered

Percent of People with Each Score

Your Score History

You have not taken this quiz